| 000 | 00537nam a2200181Ia 4500 | ||
|---|---|---|---|
| 003 | GCL | ||
| 008 | 140319s9999 xx 000 0 eng d | ||
| 040 |
_aGCL / _cGCL |
||
| 082 | 0 | 4 |
_a930 _bO O |
| 100 | 1 | _aORIENTAL INSTITUTE ADMINISTRATION | |
| 245 | 1 | 0 |
_aTHE ORIENTAL INSTITUTE: THE UNIVERSITY OF CHICAGO / _cORIENTAL INSTITUTE ADMINISTRATION |
| 260 |
_a[S.N] : _bORIENTAL INSTITUTE ADMINISTRATION |
||
| 300 | _a35 P | ||
| 650 | 0 | 4 | _aANCIENT EGYPT |
| 650 | 0 | 4 | _aHISTORY, ANCIENT |
| 650 | 0 | 4 | _aCIVILIZATION, ANCIENT |
| 942 |
_2ddc _cBK |
||
| 999 |
_c12396 _d12396 |
||